000
00310nam a2200109Ia 4500
008
220204s9999 xx 000 0 und d
082
_a
577.1
_b
ANN.58
245
0
_a
Annual review of biochemistry. V 58
260
_a
California
_b
Annual Reviews Inc
_c
1989
650
_a
Yeast phospholipid biosynthesis
942
_c
BK
999
_c
40177
_d
40177